Missing Word: Meg Ryan Quiz Stats

Quiz Updated Nov 29, 2014

Challenge
Share
Tweet
Embed
Score 0/14 Timer 02:00
0 Plays Today
Film Title Missing Word % Correct
When _____ Met Sally...Harry
99.5%
When a _____ Loves a WomanMan
98.9%
_____ in SeattleSleepless
98.3%
You've Got _____Mail
96.7%
Addicted to _____Love
92%
_____ of AngelsCity
88.8%
Courage _____ FireUnder
88.6%
Film Title Missing Word % Correct
Joe Versus the _____Volcano
82.5%
_____ & LeopoldKate
65%
French _____Kiss
59.1%
_____ the CutIn
19.9%
_____ of LifeProof
16.8%
Hanging _____Up
15.6%
_____ MoonlightSerious
6.6%

Today's Daily Dose

Missing Word
1974 Movies A-Z

Word Ladder
The White Album

Quick Pick
Gods of War

On This Day
February 22nd II

You're not logged in!

Compare scores with friends on all Sporcle quizzes.
Sign Up with Email
OR
Log In

You Might Also Like...

Show Comments

Extras

Top Quizzes Today


Score Distribution

Your Account Isn't Verified!

In order to create a playlist on Sporcle, you need to verify the email address you used during registration. Go to your Sporcle Settings to finish the process.